00824nam a2200181 a 4500001001000000003000400010005001700014008004100031040002500072082002000097100003200117245010100149260007800250300002000328500011300348651009000461651009100551000029240OSt20201015105858.0110414s1960 dr 000 0 spa d aDO-SdBNPbspacBNPHU 4a327.7308bS211a1 aSánchez Rubirosa, Ernesto13aLa agresión económica de los E.E.U.U. contra América Latina /cErnesto Sánchez Rubirosa. aCiudad Trujillo, República Dominicana :b Partido Dominicano,c[19--?]. a17 p. ;c24 cm. a(Conferencia pronunciada el día 2 de agosto de 1960, en la Base Aérea "Presidente Trujillo", San Isidro) 4aEstados Unidos xRelaciones exterioreszAmérica LatinavEnsayos, conferencias, etc. 4aAmérica LatinaxRelaciones exterioreszEstados UnidosvCongresos, conferencias, etc.